| 000 | 00784nam a22002537a 4500 | ||
|---|---|---|---|
| 005 | 20170123162348.0 | ||
| 010 | _aB-201016 | ||
| 020 | _c25.00 | ||
| 035 | _aB-201016 | ||
| 037 | _bCen Lib/Ret | ||
| 040 |
_aDPL _bUR |
||
| 082 |
_a841 _2ع ا ر |
||
| 100 |
_aعادل حیات _9134999 |
||
| 245 |
_a/ پیارا چآ ند _cعادل حیات |
||
| 246 |
_aPyaara chand / _bby Adil Hayaat |
||
| 260 |
_aنی دیللی _bحیات پبلیکیشنز _c2005 |
||
| 270 |
_bنی دیللی _aمڈیا محل _e110055 |
||
| 300 |
_a48p. _c20cm(Hb) |
||
| 650 |
_aاردو ادب _9135000 |
||
| 650 |
_aاردو ادب _v شیری _9589 |
||
| 650 |
_aUrdu litrerature _9590 |
||
| 650 |
_aUrdu literature _vPoetry _9591 |
||
| 942 |
_2ddc _cUR _h841 _mع ا ر |
||
| 999 |
_c109064 _d109064 |
||